[Event "AZE-ch (Women)"]
[Site "Baku"]
[Date "2019.02.10"]
[Round "7"]
[White "Babayeva, Samira"]
[Black "Babazade, Jale"]
[Result "1/2-1/2"]
[WhiteElo "1773"]
[BlackElo "1823"]
[PlyCount "24"]
[EventDate "2019.02.04"]
[EventType "swiss"]
[EventRounds "9"]
[EventCountry "AZE"]
[SourceTitle "CBM 188 Extra"]
[Source "ChessBase"]
[SourceDate "2019.02.26"]
[SourceVersion "1"]
[SourceVersionDate "2019.02.26"]
[SourceQuality "1"]

1. e4 g6 2. d4 Bg7 3. Nf3 d6 4. Bc4 h6 5. c3 c6 6. Be3 Nd7 7. a4 Nb8 8. Nbd2 Nd7 9. Nb1 Nb8 10. Nbd2 Nd7 11. Nb1 Nb8 12. Nbd2 Nd7 1/2-1/2

[Event "AZE-ch (Women)"]
[Site "Baku"]
[Date "2019.02.08"]
[Round "5"]
[White "Babayeva, Samira"]
[Black "Ismayil, Malak"]
[Result "0-1"]
[WhiteElo "1773"]
[BlackElo "1905"]
[PlyCount "48"]
[EventDate "2019.02.04"]
[EventType "swiss"]
[EventRounds "9"]
[EventCountry "AZE"]
[SourceTitle "CBM 188 Extra"]
[Source "ChessBase"]
[SourceDate "2019.02.26"]
[SourceVersion "1"]
[SourceVersionDate "2019.02.26"]
[SourceQuality "1"]

1. Nf3 Nf6 2. c3 e6 3. Qc2 d5 4. d3 c5 5. e4 Qc7 6. Bg5 Nbd7 7. Nbd2 b6 8. d4 dxe4 9. Nxe4 Bb7 10. Nxf6+ gxf6 11. Bh4 0-0-0 12. Bg3 Bd6 13. 0-0-0 f5 14. Qa4 Bxg3 15. hxg3 Kb8 16. Bb5 Nf6 17. Ne5 cxd4 18. Nc6+ Bxc6 19. Bxc6 dxc3 20. b3 c2 21. Rde1 Rd6 22. Bf3 Qc3 23. Qa6 Qd2+ 24. Kb2 c1Q# 0-1

[Event "AZE-ch (Women)"]
[Site "Baku"]
[Date "2019.02.06"]
[Round "3"]
[White "Allahverdiyeva, Ayan"]
[Black "Babayeva, Samira"]
[Result "1-0"]
[WhiteElo "2051"]
[BlackElo "1773"]
[PlyCount "51"]
[EventDate "2019.02.04"]
[EventType "swiss"]
[EventRounds "9"]
[EventCountry "AZE"]
[SourceTitle "CBM 188 Extra"]
[Source "ChessBase"]
[SourceDate "2019.02.26"]
[SourceVersion "1"]
[SourceVersionDate "2019.02.26"]
[SourceQuality "1"]

1. e4 d6 2. d4 c6 3. Nc3 Qc7 4. f4 e5 5. Nf3 Nd7 6. Bc4 Be7 7. 0-0 Ngf6 8. fxe5 dxe5 9. Nxe5 Nxe5 10. Bf4 Bd6 11. dxe5 Bxe5 12. Bxf7+ Ke7 13. Bxe5 Qxe5 14. Bb3 Ng4 15. Rf7+ Ke8 16. g3 Qc5+ 17. Kh1 Nf2+ 18. Rxf2 Qxf2 19. Qh5+ Kf8 20. Bc4 g6 21. Qe5 Qf3+ 22. Kg1 Qe3+ 23. Kg2 Rg8 24. Qf6+ Ke8 25. Qf7+ Kd8 26. Rd1+ 1-0

[Event "AZE-ch (Women)"]
[Site "Baku"]
[Date "2016.03.21"]
[Round "7"]
[White "Beydullayeva, Govhar"]
[Black "Babayeva, Samira"]
[Result "1-0"]
[WhiteElo "1870"]
[BlackElo "1887"]
[PlyCount "43"]
[EventDate "2016.03.15"]
[EventType "swiss"]
[EventRounds "9"]
[EventCountry "AZE"]
[SourceTitle "CBM 171 Extra"]
[Source "ChessBase"]
[SourceDate "2016.04.26"]
[SourceVersion "1"]
[SourceVersionDate "2016.04.26"]
[SourceQuality "1"]

1. d4 f5 2. Nf3 d6 3. g3 c6 4. Bg2 Qc7 5. c4 e5 6. dxe5 dxe5 7. 0-0 Nf6 8. Nc3 Bd6 9. e4 g6 10. exf5 gxf5 11. Bg5 0-0 12. Qd2 Be6 13. Bh6 Rf7 14. Ng5 Re7 15. Nxe6 Rxe6 16. Qg5+ Kh8 17. Qxf5 Qe7 18. Bh3 Ng4 19. Bg5 Rf6 20. Qxg4 Nd7 21. Qxd7 Qxd7 22. Bxf6+ 1-0

[Event "AZE-ch (Women)"]
[Site "Baku"]
[Date "2016.03.16"]
[Round "2"]
[White "Naghiyeva, Khayala Aghasif Q"]
[Black "Babayeva, Samira"]
[Result "0-1"]
[WhiteElo "1663"]
[BlackElo "1887"]
[PlyCount "88"]
[EventDate "2016.03.15"]
[EventType "swiss"]
[EventRounds "9"]
[EventCountry "AZE"]
[SourceTitle "CBM 171 Extra"]
[Source "ChessBase"]
[SourceDate "2016.04.26"]
[SourceVersion "1"]
[SourceVersionDate "2016.04.26"]
[SourceQuality "1"]

1. d4 d6 2. Nc3 c6 3. e4 Qc7 4. Nf3 e5 5. d5 g6 6. Bc4 b5 7. Bd3 b4 8. Ne2 c5 9. c3 a5 10. Bd2 Bg7 11. Rc1 Qb7 12. Ng3 Ne7 13. c4 0-0 14. h4 f5 15. Bg5 h6 16. Bxe7 Qxe7 17. h5 f4 18. Nf1 g5 19. N3h2 Qd7 20. Be2 Na6 21. Bg4 Qe8 22. Bxc8 Rxc8 23. Nd2 a4 24. Nb1 Nc7 25. a3 Na8 26. Ng4 Rf7 27. axb4 cxb4 28. f3 Rfc7 29. Qd3 Nb6 30. Nd2 Nd7 31. Qc2 Nf6 32. Nxf6+ Bxf6 33. Ra1 Ra7 34. Nf1 Bd8 35. g3 Bb6 36. g4 Bd4 37. Rb1 a3 38. bxa3 bxa3 39. Qa2 Qa4 40. Nd2 Bc3 41. Ke2 Bxd2 42. Kxd2 Rxc4 43. Rhc1 Rxc1 44. Rxc1 Qd4+ 0-1